Química : Introducción al tema. Observaciones fundamentales /
El agotamiento de las materias primas. Contaminación del medio ambiente. El estudio de la química para revertir los procesos de destrucción del planeta. Química de materiales. El uso beneficioso de los productos químicos.
Guardado en:
| Autor Corporativo: | |
|---|---|
| Formato: | |
| Materias: | |
| Etiquetas: |
Agregar Etiqueta
Sin Etiquetas, Sea el primero en etiquetar este registro!
|
| LEADER | 00960ngm a22002295g 4500 | ||
|---|---|---|---|
| 001 | CEM.cems021877 | ||
| 008 | 130507b1993##################0###0#####d | ||
| 005 | 20240918164918.0 | ||
| 245 | 1 | 0 | |a Química : |b Introducción al tema. Observaciones fundamentales / |c Videoteca CEA. |
| 300 | |a 26'. | ||
| 500 | |a En soporte VHS, consultar en ventanilla. | ||
| 520 | |a El agotamiento de las materias primas. Contaminación del medio ambiente. El estudio de la química para revertir los procesos de destrucción del planeta. Química de materiales. El uso beneficioso de los productos químicos. | ||
| 538 | |a Soporte: VHS - Norma: Pal N - Color - Grabación DRD 1993 - Hitachi=4525. | ||
| 110 | 2 | |a Videoteca CEA. | |
| 082 | 5 | 4 | |/ ARG |
| 653 | |a QUIMICA | ||
| 653 | |a MATERIAS PRIMAS | ||
| 653 | |a CONTAMINACION | ||
| 653 | |a MEDIO AMBIENTE | ||
| 653 | |a ECOLOGIA | ||
| 653 | |a NIVEL SECUNDARIO. | ||
| 859 | |a CEMS |b BIB. CEMS - Depto. Recursos Didacticos |h 546 |i ARG |k DRD |p 520.12 |t Ej.1 | ||
